Largest City By Climate Type in the United States - Statistics

General Stats
  • This quiz has been taken 28 times
  • The average score is 10 of 16
Answer Stats
Climate Type City % Correct
Dfa (Hot-summer continental) Chicago
100%
Am (Tropical monsoon) Miami
100%
BSk (Cold semi-arid) Denver
96%
Csa (Hot-summer mediterranean) Los Angeles
96%
Cfa (Humid subtropical) New York City
96%
BWh (Hot desert) Phoenix
93%
Dfc (Subarctic) Anchorage
85%
Csb (Warm-summer mediterranean) San Francisco
85%
Dsa (Hot-summer, dry-summer continental) Salt Lake City
63%
BSh (Hot semi-arid) San Diego
59%
Dsb (Warm-summer, dry-summer continental) Spokane
33%
Dwa (Hot-summer, dry-winter continental) Colorado Springs
26%
BWk (Cold desert) St. George
19%
Af (Tropical rainforest) Fort Lauderdale
15%
Aw (Tropical savannah) Cape Coral
11%
Dfb (Warm-summer continental) Green Bay
4%
No matching quizzes found
Score Distribution
Percent of People with Each Score
Percentile by Number Answered
Your Score History
You have not taken this quiz